| 000 -LEADER |
| fixed length control field |
00607cam a2200193 a 4500 |
| 020 ## - INTERNATIONAL STANDARD BOOK NUMBER |
| ISBN |
0889365512 |
| 040 ## - CATALOGING SOURCE |
| Transcribing agency |
DLC |
| 082 00 - DEWEY DECIMAL CLASSIFICATION NUMBER |
| Classification number |
363 INT 1989 A015 Or. |
| 100 1# - MAIN ENTRY--AUTHOR NAME |
| Personal name |
Kashyap, Purnima. |
| 245 10 - TITLE STATEMENT |
| Title |
Rapid assessment of community nutrition problems : |
| Remainder of title |
a case study of Parbhani, India / |
| 260 ## - PUBLICATION, DISTRIBUTION, ETC. (IMPRINT) |
| Place of publication |
Ottawa, ON, Canada : |
| Name of publisher |
International Development Research Centre, |
| Year of publication |
c1989. |
| 300 ## - PHYSICAL DESCRIPTION |
| Number of Pages |
viii, 59 p. : |
| Other physical details |
ill. ; |
| Dimensions |
25 cm. |
| 490 1# - SERIES STATEMENT |
| Series statement |
IDRC ; |
| 500 ## - GENERAL NOTE |
| General note |
Summary in English, French, and Spanish. |
| 650 #0 - SUBJECT ADDED ENTRY--TOPICAL TERM |
| Topical Term |
Nutrition surveys |
| 650 #0 - SUBJECT ADDED ENTRY--TOPICAL TERM |
| Topical Term |
Malnutrition |
| 700 1# - ADDED ENTRY--PERSONAL NAME |
| Personal name |
Young, Richard H. |
| 942 ## - ADDED ENTRY ELEMENTS (KOHA) |
| Koha item type |
សៀវភៅភាសាអង់គ្លេស |
| 952 ## - LOCATION AND ITEM INFORMATION (KOHA) |
| Withdrawn status [LOCAL, KOHA] |
0 |